Subnormal subgroups of groups / (Record no. 30065)
[ view plain ]
| 000 -LEADER | |
|---|---|
| fixed length control field | 01243 a2200193 4500 |
| 020 ## - INTERNATIONAL STANDARD BOOK NUMBER | |
| International Standard Book Number | 019853552X |
| 020 ## - INTERNATIONAL STANDARD BOOK NUMBER | |
| International Standard Book Number | 9780198535522 |
| 090 ## - LOCALLY ASSIGNED LC-TYPE CALL NUMBER (OCLC); LOCAL CALL NUMBER (RLIN) | |
| -- | 1454 |
| -- | 1454 |
| 100 1# - MAIN ENTRY--PERSONAL NAME | |
| Personal name | Lennox, John C. |
| 245 10 - TITLE STATEMENT | |
| Title | Subnormal subgroups of groups / |
| Statement of responsibility, etc. | John C. Lennox, Stewart E. Stonehewer. |
| 260 ## - PUBLICATION, DISTRIBUTION, ETC. | |
| Place of publication, distribution, etc. | [S.l.] : |
| Name of publisher, distributor, etc. | Oxford University Press, USA, |
| Date of publication, distribution, etc. | 1987. |
| 300 ## - PHYSICAL DESCRIPTION | |
| Extent | 268 p. ; |
| Dimensions | 25 cm. |
| 490 1# - SERIES STATEMENT | |
| Series statement | Oxford mathematical monographs. |
| 520 ## - SUMMARY, ETC. | |
| Summary, etc. | This book is the first to give a comprehensive account of subnormal subgroups of both finite and infinite groups. The authors trace the historical development of the subject from the early work of Wielandt, including the celebrated "join problem," to very recent results relating to the elusive subnormalizer of a subgroup. The book explains how the study of group rings can give a powerful and unified approach to major problems and encourages postgraduates and researchers in group theory and ring theory to further explore problems whose solutions remain incomplete. |
| 700 1# - ADDED ENTRY--PERSONAL NAME | |
| Personal name | Stonehewer, Stewart E. |
| 830 #0 - SERIES ADDED ENTRY--UNIFORM TITLE | |
| Uniform title | Oxford mathematical monographs. |
| 942 ## - ADDED ENTRY ELEMENTS (KOHA) | |
| Institution code [OBSOLETE] | SNS |
| Koha item type | Book |
| Call number prefix | 512.2 LEN |
| Withdrawn status | Lost status | Damaged status | Not for loan | Permanent Location | Current Location | Date acquired | Total Checkouts | Full call number | Barcode | Date last seen | Price effective from | Koha item type |
|---|---|---|---|---|---|---|---|---|---|---|---|---|
| School of Natural Sciences (SNS) | School of Natural Sciences (SNS) | 05/26/2016 | 512.2 LEN | SNS0001716 | 05/26/2016 | 05/26/2016 | Book |
